[Event "DRUGA LIGA CENTRALNE SRBIJE - Zapad"]
[Site "Vrnjacka banja"]
[Date "2013.??.??"]
[Round "4.1"]
[White "Brkljaca, Ante"]
[Black "Marcetic, Predrag"]
[Result "1/2-1/2"]
[WhiteElo "2322"]
[BlackElo "2284"]
[PlyCount "21"]
[EventDate "2013.10.10"]

1. d4 Nf6 2. Nf3 e6 3. e3 b6 4. Bd3 Bb7 5. Nbd2 c5 6. O-O Be7 7. c3 cxd4 8.
exd4 d6 9. Re1 Nbd7 10. Nf1 a6 11. Ng3 1/2-1/2

[Event "DRUGA LIGA CENTRALNE SRBIJE - Zapad"]
[Site "Vrnjacka banja"]
[Date "2013.??.??"]
[Round "4.1"]
[White "Milosevic, Zoran"]
[Black "Ilic, Dragan M"]
[Result "0-1"]
[WhiteElo "2243"]
[BlackElo "2374"]
[PlyCount "67"]
[EventDate "2013.10.10"]

1. d4 e6 2. c4 f5 3. Nc3 Nf6 4. Nf3 d5 5. Bf4 c6 6. e3 Bd6 7. Bxd6 Qxd6 8. Bd3
Ne4 9. O-O Nd7 10. a3 O-O 11. Rc1 b6 12. b4 Bb7 13. cxd5 exd5 14. Qb3 Kh8 15.
Rfd1 b5 16. a4 a6 17. a5 Rae8 18. Bf1 Qh6 19. g3 Ndf6 20. Nxe4 fxe4 21. Nh4 Ng4
22. Rd2 g5 23. Qd1 Nxe3 24. fxe3 gxh4 25. Qe1 Rf3 26. Rc3 hxg3 27. hxg3 Rg8 28.
Rg2 Qd6 29. Rcc2 Rgf8 30. Rcf2 Rxf2 31. Rxf2 Qxg3+ 32. Bg2 Rg8 33. Qe2 Bc8 34.
Qh5 0-1

[Event "DRUGA LIGA CENTRALNE SRBIJE - Zapad"]
[Site "Vrnjacka banja"]
[Date "2013.??.??"]
[Round "4.1"]
[White "Stojanovic, Dobrisav"]
[Black "Vasic, Vladimir"]
[Result "1-0"]
[WhiteElo "2355"]
[BlackElo "2170"]
[PlyCount "47"]
[EventDate "2013.10.10"]

1. d4 d5 2. Nf3 Nf6 3. c4 dxc4 4. e3 Bg4 5. Bxc4 e6 6. h3 Bh5 7. Nc3 Nbd7 8.
Qb3 Bxf3 9. gxf3 c5 10. d5 exd5 11. Nxd5 Bd6 12. Nxf6+ Qxf6 13. f4 O-O 14. Bd2
Nb6 15. Bc3 Qh4 16. O-O-O Bxf4 17. Rdg1 Bg5 18. Rg4 Qxf2 19. Rxg5 Qxe3+ 20. Bd2
Qe4 21. Bd5 Qe7 22. Rhg1 g6 23. Rxg6+ Kh8 24. Bg5 1-0

[Event "DRUGA LIGA CENTRALNE SRBIJE - Zapad"]
[Site "Vrnjacka banja"]
[Date "2013.??.??"]
[Round "4.1"]
[White "Bezarevic, Branko"]
[Black "Gosic, Bogdan"]
[Result "1/2-1/2"]
[WhiteElo "2175"]
[BlackElo "2281"]
[PlyCount "70"]
[EventDate "2013.10.10"]

1. Nf3 Nf6 2. g3 d5 3. Bg2 Bg4 4. O-O Nbd7 5. c4 e6 6. d4 c6 7. b3 Bd6 8. Bb2
Qb8 9. Nbd2 O-O 10. Re1 Rd8 11. Qc1 Bf5 12. Nh4 Bg6 13. Nxg6 hxg6 14. e4 dxe4
15. Nxe4 Nxe4 16. Bxe4 Nf6 17. Bg2 Qc7 18. Qe3 a5 19. Rac1 Re8 20. Bf3 a4 21.
Kg2 axb3 22. axb3 Ba3 23. Qc3 Bxb2 24. Qxb2 Qb6 25. Red1 Qb4 26. Ra1 Red8 27.
h4 Qb6 28. Rxa8 Rxa8 29. b4 Ra4 30. Rb1 Qa7 31. c5 Ra2 32. Qb3 Ra3 33. Qb2 Ra2
34. Qb3 Ra3 35. Qb2 Ra2 1/2-1/2

[Event "DRUGA LIGA CENTRALNE SRBIJE - Zapad"]
[Site "Vrnjacka banja"]
[Date "2013.??.??"]
[Round "4.1"]
[White "Zivkovic, Vladislav"]
[Black "Djokovic, Nebojsa"]
[Result "1-0"]
[WhiteElo "2192"]
[BlackElo "2129"]
[PlyCount "61"]
[EventDate "2013.10.10"]

1. c4 e5 2. Nc3 Nc6 3. g3 h5 4. h3 Nf6 5. Bg2 Bb4 6. Nd5 Nxd5 7. cxd5 Ne7 8. a3
Ba5 9. e4 d6 10. b4 Bb6 11. Nf3 c6 12. dxc6 bxc6 13. O-O Ng6 14. d4 f6 15. dxe5
dxe5 16. Qb3 Qe7 17. Be3 Bxe3 18. Qxe3 h4 19. g4 Bxg4 20. hxg4 h3 21. Bh1 Qe6
22. Nh2 Nf4 23. Bf3 O-O 24. Rfe1 Rfd8 25. Be2 Kh7 26. Rad1 Qa2 27. Bf1 g5 28.
Rxd8 Rxd8 29. Qxa7+ Kg6 30. Qe7 Rc8 31. Rd1 1-0

[Event "DRUGA LIGA CENTRALNE SRBIJE - Zapad"]
[Site "Vrnjacka banja"]
[Date "2013.??.??"]
[Round "4.1"]
[White "Lazic, Dragoljub"]
[Black "Mijanovic, Dragan"]
[Result "1-0"]
[WhiteElo "2266"]
[BlackElo "2086"]
[PlyCount "74"]
[EventDate "2013.10.10"]

1. e4 c6 2. d4 d5 3. Nd2 g6 4. Ngf3 Bg7 5. c3 dxe4 6. Nxe4 Nf6 7. Nxf6+ exf6 8.
Bc4 O-O 9. O-O Nd7 10. Re1 Nb6 11. Bb3 Re8 12. Rxe8+ Qxe8 13. Bf4 Be6 14. h3
Rd8 15. Bxe6 Qxe6 16. Qb3 Qd7 17. Re1 Bf8 18. c4 g5 19. Be3 Nc8 20. Qc2 Bd6 21.
Bd2 Ne7 22. Bc3 h6 23. d5 Kg7 24. c5 Bf4 25. d6 Nd5 26. Nd4 Re8 27. Nf5+ Kh8
28. Ne7 Kg7 29. Nf5+ Kh8 30. Rxe8+ Qxe8 31. g3 Be5 32. Bd2 Qe6 33. Qe4 h5 34.
b4 h4 35. Kg2 Kg8 36. gxh4 gxh4 37. Qg4+ Kf8 1-0

[Event "DRUGA LIGA CENTRALNE SRBIJE - Zapad"]
[Site "Vrnjacka banja"]
[Date "2013.??.??"]
[Round "4.1"]
[White "Stevanovic, Velimir*"]
[Black "Popovic, Milan S**"]
[Result "0-1"]
[WhiteElo "1929"]
[BlackElo "2178"]
[PlyCount "60"]
[EventDate "2013.10.10"]

1. e4 c5 2. Nf3 d6 3. c3 Nf6 4. Be2 Bd7 5. d3 Nc6 6. O-O g6 7. Re1 Bg7 8. Bf1
O-O 9. Na3 e5 10. Nc2 h6 11. d4 cxd4 12. cxd4 Bg4 13. d5 Ne7 14. h3 Bd7 15. Bd2
Ne8 16. Rc1 f5 17. exf5 gxf5 18. Bc3 Nf6 19. Bc4 Kh8 20. Nh4 Ne4 21. Bd3 Nxc3
22. bxc3 Qe8 23. Be2 Bf6 24. Bh5 Qd8 25. Ng6+ Nxg6 26. Bxg6 Kg7 27. Qh5 Bg5 28.
Ne3 Qf6 29. h4 Bxe3 30. Rxe3 f4 0-1

[Event "DRUGA LIGA CENTRALNE SRBIJE - Zapad"]
[Site "Vrnjacka banja"]
[Date "2013.??.??"]
[Round "4.2"]
[White "Smolovic, Mile"]
[Black "Misailovic, Nebojsa"]
[Result "0-1"]
[WhiteElo "2355"]
[BlackElo "2306"]
[PlyCount "68"]
[EventDate "2013.10.10"]

1. e4 c5 2. Nf3 d6 3. d4 cxd4 4. Nxd4 Nf6 5. Nc3 a6 6. Be3 Ng4 7. Bg5 h6 8. Bh4
g5 9. Bg3 Bg7 10. h3 Ne5 11. f3 Nbc6 12. Bf2 Nxd4 13. Bxd4 Be6 14. Qd2 Rc8 15.
O-O-O Qc7 16. h4 b5 17. a3 Qa5 18. Qe3 Rb8 19. hxg5 b4 20. gxh6 Bf6 21. axb4
Rxb4 22. Be2 Rxd4 23. Qxd4 Nc4 24. Bxc4 Bxd4 25. Rxd4 Qc5 26. Bxe6 Qxd4 27. Bh3
Rxh6 28. Rd1 Qe3+ 29. Kb1 Kf8 30. Nd5 Qe2 31. Rd3 Rh5 32. b3 e6 33. Nf4 Qe1+
34. Kb2 Ra5 0-1

[Event "DRUGA LIGA CENTRALNE SRBIJE - Zapad"]
[Site "Vrnjacka banja"]
[Date "2013.??.??"]
[Round "4.2"]
[White "Pavlovic, Dejan S"]
[Black "Irizanin, Radoje"]
[Result "1/2-1/2"]
[WhiteElo "2398"]
[BlackElo "2318"]
[PlyCount "59"]
[EventDate "2013.10.10"]

1. d4 d5 2. c4 e6 3. Nf3 c6 4. e3 f5 5. Bd3 Nf6 6. O-O Bd6 7. b3 Qe7 8. Bb2 O-O
9. Qc1 b6 10. Ba3 Bb7 11. Bxd6 Qxd6 12. Nc3 Nbd7 13. cxd5 Nxd5 14. Rd1 Nxc3 15.
Qxc3 c5 16. dxc5 Qxc5 17. Bc4 Qe7 18. Ne5 Nf6 19. Rac1 Rac8 20. Qd4 Nd5 21. Bb5
Rxc1 22. Rxc1 Qg5 23. Nf3 Qg6 24. Qe5 Rd8 25. Qg3 Qf6 26. Qe5 Qg6 27. Be2 h6
28. h3 Kh7 29. Nh4 Qf6 30. Nf3 1/2-1/2

[Event "DRUGA LIGA CENTRALNE SRBIJE - Zapad"]
[Site "Vrnjacka banja"]
[Date "2013.??.??"]
[Round "4.2"]
[White "Mirkovic, Stevan*"]
[Black "Ratkovic, Milovan**"]
[Result "1/2-1/2"]
[WhiteElo "2293"]
[BlackElo "2294"]
[PlyCount "55"]
[EventDate "2013.10.10"]

1. Nf3 d5 2. d4 Nc6 3. Bf4 Bg4 4. e3 e6 5. Be2 Bd6 6. Bg3 Nf6 7. O-O Bxg3 8.
hxg3 h5 9. c4 h4 10. gxh4 Ne4 11. g3 Bh3 12. Re1 g5 13. Nxg5 Nxg5 14. hxg5 Qxg5
15. Bf3 O-O-O 16. Nc3 Ne7 17. e4 Rdg8 18. cxd5 Qf4 19. Qe2 Qh4 20. Bg2 Bxg2 21.
Kxg2 Qh3+ 22. Kf3 exd5 23. Rh1 Qg4+ 24. Kg2 Qxe2 25. Nxe2 dxe4 26. Nf4 Kd7 27.
Rae1 f5 28. f3 1/2-1/2

[Event "DRUGA LIGA CENTRALNE SRBIJE - Zapad"]
[Site "Vrnjacka banja"]
[Date "2013.??.??"]
[Round "4.2"]
[White "Civric, Zdravko"]
[Black "Gavrilovic, Leonardo"]
[Result "0-1"]
[WhiteElo "2181"]
[BlackElo "2261"]
[PlyCount "108"]
[EventDate "2013.10.10"]

1. e4 Nf6 2. e5 Nd5 3. d4 d6 4. Nf3 g6 5. c4 Nb6 6. exd6 cxd6 7. Nc3 Bg7 8. a4
a5 9. Be3 O-O 10. Be2 Nc6 11. O-O Bg4 12. b3 d5 13. c5 Nc8 14. h3 Bxf3 15. Bxf3
e6 16. Nb5 b6 17. Rc1 bxc5 18. Rxc5 Qb6 19. Qd2 N8e7 20. Rfc1 Rac8 21. g4 f5
22. Bg5 h6 23. Bxe7 Nxe7 24. gxf5 gxf5 25. Rxc8 Rxc8 26. Rxc8+ Nxc8 27. Qf4 Ne7
28. Bh5 Qd8 29. Nc7 e5 30. Qc1 exd4 31. Qc5 Bf6 32. Bf3 d3 33. Nxd5 Nxd5 34.
Qxd5+ Qxd5 35. Bxd5+ Kg7 36. Kg2 d2 37. Bf3 Bc3 38. Bd1 Kf6 39. Kf3 Bb4 40. Ke3
f4+ 41. Kd3 Kf5 42. Bf3 Kg5 43. Ke2 Kh4 44. Bg4 h5 45. Be6 f3+ 46. Kd1 Kg5 47.
Bd5 Kf4 48. Bc6 Bc5 49. Kxd2 Bxf2 50. Kd3 Be1 51. Kd4 Kg3 52. h4 f2 53. Bb5 Kg2
54. b4 Bxb4 0-1

[Event "DRUGA LIGA CENTRALNE SRBIJE - Zapad"]
[Site "Vrnjacka banja"]
[Date "2013.??.??"]
[Round "4.2"]
[White "Matovic, Petar"]
[Black "Pecinar, Zoran"]
[Result "1/2-1/2"]
[WhiteElo "2244"]
[BlackElo "2170"]
[PlyCount "66"]
[EventDate "2013.10.10"]

1. d4 Nf6 2. Nf3 g6 3. Bf4 Bg7 4. e3 d6 5. h3 O-O 6. Be2 c5 7. c3 b6 8. a4 Bb7
9. O-O Nbd7 10. Bh2 Qc7 11. c4 cxd4 12. Nxd4 Rac8 13. Nc3 Qb8 14. b3 Nc5 15.
Rc1 Nfe4 16. Nxe4 Nxe4 17. Bf3 Qa8 18. Bxe4 Bxe4 19. f3 Bb7 20. Bg3 d5 21. Rf2
dxc4 22. bxc4 Rfd8 23. Rd2 Rd7 24. Qe2 Rcd8 25. Rcd1 Qc8 26. Nb5 a6 27. Nc7 e6
28. c5 Rxd2 29. Rxd2 Rxd2 30. Qxd2 bxc5 31. Qc2 Bf8 32. Qc4 h5 33. Be5 Be7
1/2-1/2

[Event "DRUGA LIGA CENTRALNE SRBIJE - Zapad"]
[Site "Vrnjacka banja"]
[Date "2013.??.??"]
[Round "4.2"]
[White "Zivanic, Slobodan"]
[Black "Radosavljevic, Slobodan S"]
[Result "1/2-1/2"]
[WhiteElo "2214"]
[BlackElo "2192"]
[PlyCount "35"]
[EventDate "2013.10.10"]

1. e4 c5 2. Nf3 e6 3. d4 cxd4 4. Nxd4 a6 5. Bd3 Qc7 6. O-O Nf6 7. Be3 Bc5 8.
Nc3 O-O 9. Qe2 b5 10. Nb3 Bxe3 11. Qxe3 d6 12. a3 Bb7 13. f4 Nbd7 14. Rae1 Nc5
15. Nxc5 Qxc5 16. e5 Qxe3+ 17. Rxe3 dxe5 18. Rxe5 1/2-1/2

[Event "DRUGA LIGA CENTRALNE SRBIJE - Zapad"]
[Site "Vrnjacka banja"]
[Date "2013.??.??"]
[Round "4.2"]
[White "Roljevic, Djordje"]
[Black "Rajkovic, Mladen**"]
[Result "1-0"]
[WhiteElo "2078"]
[BlackElo "2053"]
[PlyCount "115"]
[EventDate "2013.10.10"]

1. d4 d5 2. Nf3 Nf6 3. c4 c6 4. Qc2 dxc4 5. e4 b5 6. b3 cxb3 7. axb3 g6 8. Bb2
Bg7 9. Be2 O-O 10. O-O Bb7 11. Nbd2 a5 12. Ne5 Nfd7 13. Ndf3 f6 14. Nd3 Na6 15.
Nf4 Nc7 16. Rfd1 Qc8 17. h4 e5 18. dxe5 fxe5 19. Nd3 Qe8 20. Qd2 c5 21. Rxa5
Bxe4 22. Ng5 Bc6 23. Rxa8 Qxa8 24. Qe3 h6 25. Ra1 Qe8 26. Ne4 Nd5 27. Qd2 Qe7
28. Bf3 Rd8 29. Ra6 Nb8 30. Rxc6 Nxc6 31. Nexc5 Ndb4 32. Qe3 Nxd3 33. Nxd3 Nd4
34. Be4 Qd6 35. g3 Kh8 36. b4 Rc8 37. Nc5 Nc6 38. Bc3 Ne7 39. Qe2 Rb8 40. Qg4
h5 41. Qg5 Rb6 42. Nd3 Qf6 43. Qxf6 Bxf6 44. Nxe5 Re6 45. f4 Kg7 46. Kg2 Rd6
47. Kf3 Nd5 48. Bd4 Ne7 49. Bc5 Re6 50. Bd3 Bxe5 51. fxe5 Nc6 52. Kf4 Kh7 53.
Bd6 Nd4 54. Bc5 Nc6 55. Bd6 Nd4 56. Ke4 Nf5 57. Kd5 Re8 58. Kc5 1-0

[Event "DRUGA LIGA CENTRALNE SRBIJE - Zapad"]
[Site "Vrnjacka banja"]
[Date "2013.??.??"]
[Round "4.2"]
[White "Knezevic, Veljko**"]
[Black "Kijanovic, Igor**"]
[Result "1/2-1/2"]
[WhiteElo "1873"]
[BlackElo "2053"]
[PlyCount "71"]
[EventDate "2013.10.10"]

1. e4 c5 2. Nf3 d6 3. d4 cxd4 4. Nxd4 Nf6 5. Nc3 a6 6. f4 g6 7. Be2 Bg7 8. Be3
O-O 9. O-O Qc7 10. a4 Nc6 11. Kh1 Nxd4 12. Bxd4 Be6 13. a5 Bc4 14. Bxc4 Qxc4
15. Na4 Qc6 16. Nb6 Rad8 17. Bxf6 Bxf6 18. Nd5 Rfe8 19. c3 Bg7 20. f5 e6 21.
fxg6 hxg6 22. Qf3 exd5 23. Qxf7+ Kh7 24. Rf3 Re5 25. Rh3+ Rh5 26. Rxh5+ gxh5
27. Qxh5+ Kg8 28. Rf1 Rf8 29. Rxf8+ Kxf8 30. Qf5+ Ke7 31. Qh7 Kf7 32. Qf5+ Kg8
33. Qe6+ Kh7 34. Qf5+ Kh8 35. Qh3+ Kg8 36. Qe6+ 1/2-1/2

[Event "DRUGA LIGA CENTRALNE SRBIJE - Zapad"]
[Site "Vrnjacka banja"]
[Date "2013.??.??"]
[Round "4.3"]
[White "Jevdjovic, Milorad"]
[Black "Popovic, Nenad"]
[Result "1-0"]
[WhiteElo "2260"]
[BlackElo "2269"]
[PlyCount "83"]
[EventDate "2013.10.10"]

1. e4 c6 2. d4 d5 3. Nd2 dxe4 4. Nxe4 Nf6 5. Nxf6+ gxf6 6. Nf3 Rg8 7. Bf4 Bg4
8. Be2 e6 9. Qd2 Bd6 10. O-O-O Bf5 11. Nh4 Bg6 12. Nxg6 hxg6 13. Kb1 Bxf4 14.
Qxf4 Nd7 15. c4 f5 16. Rhe1 Qe7 17. Qe3 Nb6 18. Qb3 O-O-O 19. a4 Qh4 20. a5 Nd7
21. a6 b6 22. Bf3 Kc7 23. g3 Qe7 24. d5 Nc5 25. Qa3 cxd5 26. cxd5 Kb8 27. Rd2
e5 28. Red1 e4 29. d6 Qd7 30. Be2 g5 31. b4 Ne6 32. Rd5 Rc8 33. Bb5 Qd8 34. Qb2
Ng7 35. Qe5 f6 36. Qe7 Qxe7 37. dxe7 Ne6 38. Rd7 f4 39. Rb7+ Ka8 40. Rdd7 Nc7
41. Rdxc7 Rxc7 42. Rxc7 1-0

[Event "DRUGA LIGA CENTRALNE SRBIJE - Zapad"]
[Site "Vrnjacka banja"]
[Date "2013.??.??"]
[Round "4.3"]
[White "Lukic, Predrag"]
[Black "Sevic, Slobodan"]
[Result "1-0"]
[WhiteElo "2238"]
[BlackElo "2162"]
[PlyCount "43"]
[EventDate "2013.10.10"]

1. d4 c5 2. Nf3 cxd4 3. Nxd4 Nc6 4. e4 Nf6 5. Nc3 d6 6. Bg5 Qa5 7. Bxf6 gxf6 8.
Nb3 Qd8 9. Qh5 Bg7 10. O-O-O Ne5 11. Be2 a6 12. f4 Ng6 13. Rhf1 b5 14. Nd4 e5
15. fxe5 fxe5 16. Nf5 Bxf5 17. Qxf5 O-O 18. Nd5 Rc8 19. g3 Rc6 20. Bd3 Qc8 21.
h4 Rc7 22. h5 1-0

[Event "DRUGA LIGA CENTRALNE SRBIJE - Zapad"]
[Site "Vrnjacka banja"]
[Date "2013.??.??"]
[Round "4.3"]
[White "Kiproski, Branislav**"]
[Black "Tomic, Miroslav Lj"]
[Result "1/2-1/2"]
[WhiteElo "2099"]
[BlackElo "2172"]
[PlyCount "74"]
[EventDate "2013.10.10"]

1. d4 d5 2. c4 c6 3. Nf3 Nf6 4. e3 Bg4 5. cxd5 Bxf3 6. gxf3 cxd5 7. Qb3 Qc7 8.
Nc3 e6 9. Bd2 Nc6 10. Rc1 Be7 11. Na4 O-O 12. Nc5 Rab8 13. f4 Rfc8 14. Bd3 Na5
15. Qd1 Nc4 16. b4 Nxd2 17. Kxd2 b6 18. Na6 Qxc1+ 19. Qxc1 Rxc1 20. Rxc1 Ra8
21. f3 Bd6 22. a3 g6 23. Nc7 Rc8 24. Nxd5 Rxc1 25. Nxf6+ Kg7 26. Ne8+ Kf8 27.
Kxc1 Kxe8 28. Kd2 a5 29. Kc3 axb4+ 30. axb4 Ke7 31. b5 Kf6 32. Kd2 h5 33. Ke1
Bb4+ 34. Ke2 Bd6 35. Kf2 Ke7 36. h3 Kd7 37. Ke2 Ke7 1/2-1/2

[Event "DRUGA LIGA CENTRALNE SRBIJE - Zapad"]
[Site "Vrnjacka banja"]
[Date "2013.??.??"]
[Round "4.3"]
[White "Vujovic, Radojica"]
[Black "Gavrilovic, Vasilije"]
[Result "1/2-1/2"]
[WhiteElo "2083"]
[BlackElo "2114"]
[PlyCount "142"]
[EventDate "2013.10.10"]

1. e4 c6 2. d4 d5 3. Nd2 dxe4 4. Nxe4 Bf5 5. Ng3 Bg6 6. Nf3 Nd7 7. h4 h6 8. h5
Bh7 9. Bd3 Bxd3 10. Qxd3 e6 11. Bf4 Ngf6 12. O-O-O Nd5 13. Bd2 Qc7 14. Kb1
O-O-O 15. c4 N5f6 16. Qe2 Bd6 17. Rh4 Rhe8 18. Ne4 Nxe4 19. Qxe4 Nf6 20. Qc2 c5
21. Rc1 Qd7 22. Bc3 cxd4 23. Bxd4 Kb8 24. Qc3 Qc7 25. c5 Nd5 26. Qe1 Ka8 27.
cxd6 Qxd6 28. Bc5 Qa6 29. Rd4 b6 30. Bb4 Rc8 31. Bd2 Rxc1+ 32. Qxc1 Rc8 33. Qd1
Qb5 34. b3 Nf6 35. g4 Nxg4 36. Be3 Rc7 37. Qd3 Qxd3+ 38. Rxd3 Nf6 39. Bf4 Rc8
40. Bh2 Nxh5 41. Rd7 f6 42. Nd4 e5 43. Nb5 Rc5 44. Nd6 Kb8 45. Ne4 Rc7 46. Rd8+
Kb7 47. Kb2 Kc6 48. a4 Rd7 49. Rxd7 Kxd7 50. Kc3 Kc6 51. Kc4 f5 52. Nc3 f4 53.
b4 Nf6 54. f3 g5 55. Kd3 a6 56. b5+ axb5 57. axb5+ Kc5 58. Bg1+ Kb4 59. Bxb6 g4
60. fxg4 Nxg4 61. Bg1 Ka5 62. b6 Ka6 63. Ke4 h5 64. Nd5 Kb7 65. Kf3 Kc6 66.
Nb4+ Kb7 67. Nd3 Kc6 68. Ke4 Kb7 69. Nxe5 Nf6+ 70. Kxf4 Nd5+ 71. Kg5 Nxb6
1/2-1/2

[Event "DRUGA LIGA CENTRALNE SRBIJE - Zapad"]
[Site "Vrnjacka banja"]
[Date "2013.??.??"]
[Round "4.3"]
[White "Markovic, Aleksandar**"]
[Black "Milovanovic, Nebojsa"]
[Result "1/2-1/2"]
[WhiteElo "2140"]
[BlackElo "2115"]
[PlyCount "68"]
[EventDate "2013.10.10"]

1. e4 c6 2. d4 Na6 3. Nc3 Nc7 4. Bd3 d5 5. e5 g6 6. h3 Nh6 7. Nf3 Bg7 8. O-O
O-O 9. Ne2 f6 10. exf6 exf6 11. Nf4 Nf5 12. Re1 Re8 13. Bd2 Nd6 14. Rxe8+ Qxe8
15. Be3 g5 16. Ne2 Nf5 17. Bxf5 Bxf5 18. Ng3 Bg6 19. h4 g4 20. Ne1 h5 21. Nd3
Ne6 22. Qd2 Qd7 23. c3 Re8 24. Re1 Bf8 25. Nf4 Nxf4 26. Bxf4 b6 27. Rxe8 Qxe8
28. Qe2 Qxe2 29. Nxe2 Bd3 30. Ng3 Bg6 31. Ne2 Bb1 32. a3 Kf7 33. Be3 a5 34. Nf4
Bg6 1/2-1/2

[Event "DRUGA LIGA CENTRALNE SRBIJE - Zapad"]
[Site "Vrnjacka banja"]
[Date "2013.??.??"]
[Round "4.3"]
[White "Lazic, Miodrag"]
[Black "Dinov, Zoran"]
[Result "1-0"]
[WhiteElo "2003"]
[BlackElo "2222"]
[PlyCount "109"]
[EventDate "2013.10.10"]

1. e4 c5 2. Nc3 Nc6 3. Nge2 Nf6 4. g3 d5 5. exd5 Nd4 6. Bg2 Bg4 7. O-O Bf3 8.
Bxf3 Nxf3+ 9. Kg2 Nd4 10. d3 Nxd5 11. Ne4 e6 12. c3 Nxe2 13. Qxe2 Be7 14. Be3
Rc8 15. Rfd1 O-O 16. d4 c4 17. h4 h6 18. f4 Qd7 19. Qf3 Qc6 20. Re1 f5 21. Nd2
g6 22. Kf2 Rf7 23. Re2 Rg7 24. Rh1 a5 25. Nf1 b5 26. Bd2 b4 27. Nh2 Nf6 28.
Qxc6 Rxc6 29. Rhe1 Ne4+ 30. Kf3 Bf8 31. Nf1 Rb7 32. Ne3 bxc3 33. Bxc3 Bb4 34.
Rc1 Bxc3 35. bxc3 a4 36. g4 a3 37. Rcc2 Rb1 38. gxf5 exf5 39. Rg2 Kf7 40. h5
Re1 41. hxg6+ Rxg6 42. Rxg6 Kxg6 43. Nxc4 Rf1+ 44. Ke3 Re1+ 45. Kd3 Rd1+ 46.
Ke2 Rh1 47. Ne3 Rh2+ 48. Kd3 Rxc2 49. Nxc2 h5 50. c4 h4 51. Ne1 Kh5 52. Ke3 h3
53. Kf3 Kh4 54. c5 Ng3 55. Ke3 1-0

[Event "DRUGA LIGA CENTRALNE SRBIJE - Zapad"]
[Site "Vrnjacka banja"]
[Date "2013.??.??"]
[Round "4.3"]
[White "Baralic, Milan"]
[Black "Leontic, Ivica*"]
[Result "1/2-1/2"]
[WhiteElo "2147"]
[BlackElo "2066"]
[PlyCount "106"]
[EventDate "2013.10.10"]

1. Nf3 d5 2. d4 g6 3. g3 Bg7 4. Bg2 Nf6 5. O-O O-O 6. c4 c6 7. b3 Na6 8. Bb2
Nc7 9. Nc3 Be6 10. cxd5 cxd5 11. Na4 Na6 12. Ne5 Nd7 13. Nxd7 Qxd7 14. Qd2 Bh3
15. Rfc1 Bxg2 16. Kxg2 Rfc8 17. Rxc8+ Rxc8 18. Rc1 e6 19. Rxc8+ Qxc8 20. Ba3
Bf8 21. Bxf8 Kxf8 22. Nb2 Nb8 23. h4 Kg7 24. h5 h6 25. hxg6 fxg6 26. Nd3 Nc6
27. Qf4 Qf8 28. Nc5 Qe7 29. e3 b6 30. Nd3 g5 31. Qg4 Qf6 32. Nf4 Kf7 33. Qh5+
Kg7 34. Nh3 Qg6 35. Qd1 Qe4+ 36. Kh2 Nb4 37. Qd2 a5 38. a3 Qc2 39. Qe1 Nd3 40.
Qf1 Qxb3 41. Qe2 Qxa3 42. Qc2 g4 43. Qc7+ Kf6 44. Nf4 Nxf4 45. Qxf4+ Ke7 46.
Qc7+ Kf6 47. Qf4+ Kg7 48. Qc7+ Kf6 49. Qxb6 a4 50. Qa7 Qb2 51. Kg2 a3 52. Qc5
a2 53. Qf8+ Kg6 1/2-1/2

[Event "DRUGA LIGA CENTRALNE SRBIJE - Zapad"]
[Site "Vrnjacka banja"]
[Date "2013.??.??"]
[Round "4.4"]
[White "Biljanic, Ljubomir"]
[Black "Markovic, Dragan P"]
[Result "1-0"]
[WhiteElo "2333"]
[BlackElo "2242"]
[PlyCount "65"]
[EventDate "2013.10.10"]

1. d4 Nf6 2. c4 e6 3. Nc3 Bb4 4. Qc2 c5 5. dxc5 Nc6 6. e3 Bxc5 7. a3 d5 8. cxd5
exd5 9. Nf3 O-O 10. b4 Bb6 11. Na4 Bc7 12. Bb2 Qe7 13. Be2 Bd6 14. Rd1 Be6 15.
b5 Na5 16. Ng5 Rac8 17. Qd3 g6 18. Qd4 Kg7 19. Qxf6+ Qxf6 20. Bxf6+ Kxf6 21.
Nxh7+ Ke7 22. Nxf8 Kxf8 23. O-O Bxa3 24. Ra1 Be7 25. Rac1 Rd8 26. Nc5 Bc8 27.
Rfd1 b6 28. Na6 Bxa6 29. bxa6 Bc5 30. Bf3 d4 31. exd4 Rxd4 32. Rxd4 Bxd4 33.
Bd5 1-0

[Event "DRUGA LIGA CENTRALNE SRBIJE - Zapad"]
[Site "Vrnjacka banja"]
[Date "2013.??.??"]
[Round "4.4"]
[White "Simic, Goran S"]
[Black "Adzic, Momcilo"]
[Result "1/2-1/2"]
[WhiteElo "2106"]
[BlackElo "2258"]
[PlyCount "114"]
[EventDate "2013.10.10"]

1. d4 d5 2. Nf3 e6 3. e3 Nf6 4. Bd3 Be7 5. Nbd2 O-O 6. Qe2 c5 7. b3 Nc6 8. a3
a6 9. Bb2 b5 10. dxc5 Bxc5 11. O-O Bb7 12. e4 dxe4 13. Nxe4 Nd4 14. Nxd4 Bxd4
15. Bxd4 Qxd4 16. Nxf6+ Qxf6 17. c4 bxc4 18. Bxc4 a5 19. a4 Rfd8 20. Rfd1 Qg5
21. f3 g6 22. Rxd8+ Rxd8 23. Rd1 Rxd1+ 24. Qxd1 h5 25. h3 h4 26. Kh1 Bd5 27.
Bxd5 Qxd5 28. Qc2 g5 29. Qc3 Kf8 30. Qc7 Kg7 31. Qc3+ Kg6 32. Qe1 Qc5 33. Qe4+
Kf6 34. Qd3 Ke7 35. Qd2 f6 36. Qd3 Qd5 37. Qc3 Kf7 38. Qc7+ Kg6 39. Qb6 Qe5 40.
Qb5 Kf5 41. Qd3+ Kf4 42. Kh2 Qd5 43. Qc3 Kf5 44. Qc2+ Ke5 45. Qc3+ Kd6 46. b4
axb4 47. Qxb4+ Qc5 48. Qb8+ Kc6 49. Qc8+ Kd5 50. Qa8+ Kd6 51. Qf8+ Kc6 52. Qxf6
Qd6+ 53. Kg1 Qd1+ 54. Kf2 Qd2+ 55. Kg1 Qe1+ 56. Kh2 Qg3+ 57. Kh1 Qe1+ 1/2-1/2

[Event "DRUGA LIGA CENTRALNE SRBIJE - Zapad"]
[Site "Vrnjacka banja"]
[Date "2013.??.??"]
[Round "4.4"]
[White "Vuksanovic, Zvezdan"]
[Black "Novakovic, Slobodan"]
[Result "1-0"]
[WhiteElo "2178"]
[BlackElo "2167"]
[PlyCount "64"]
[EventDate "2013.10.10"]

1. e4 d6 2. d4 Nf6 3. Nc3 g6 4. Nf3 c6 5. h3 Bg7 6. Be3 b5 7. a3 O-O 8. Qd2
Nbd7 9. Be2 Qc7 10. O-O Re8 11. Rfe1 a6 12. Bf4 e5 13. dxe5 dxe5 14. Bg5 Nc5
15. Bf1 Ne6 16. Be3 Bb7 17. Ng5 Nd4 18. f4 Rad8 19. Qf2 c5 20. fxe5 Qxe5 21.
Bf4 Qe7 22. Nd5 Nxd5 23. exd5 Qf8 24. c3 h6 25. Rxe8 Rxe8 26. Bd6 hxg5 27. Bxf8
Rxf8 28. Rd1 Nb3 29. Qg3 Bf6 30. Qc7 Bc8 31. Qc6 Kg7 32. d6 Be6 1-0

[Event "DRUGA LIGA CENTRALNE SRBIJE - Zapad"]
[Site "Vrnjacka banja"]
[Date "2013.??.??"]
[Round "4.4"]
[White "Osatovic, Aleksandar*"]
[Black "Nonkovic, Nikola**"]
[Result "0-1"]
[WhiteElo "2052"]
[BlackElo "1860"]
[PlyCount "76"]
[EventDate "2013.10.10"]

1. d4 d5 2. c4 e6 3. Nc3 c6 4. cxd5 exd5 5. Qc2 Nf6 6. Bg5 Bb4 7. e3 Nbd7 8.
Bd3 O-O 9. Bxh7+ Kh8 10. Bd3 Re8 11. Nge2 Nf8 12. a3 Be7 13. Nf4 Ne6 14. Nxe6
Bxe6 15. O-O Ng4 16. Bxe7 Qxe7 17. h3 Nh6 18. Ne2 Rad8 19. Rae1 Rd6 20. Ng3 g6
21. Qa4 Qh4 22. e4 Bxh3 23. exd5 Be6 24. Re4 Ng4 25. Rfe1 Rxd5 26. Qd1 Qh2+ 27.
Kf1 Nf6 28. R4e3 Rxd4 29. Qf3 Kg7 30. Re5 Bd5 31. Rxd5 Rxe1+ 32. Kxe1 Nxd5 33.
Qe2 Qh4 34. b3 Qf6 35. Ne4 Qe5 36. Bc2 Nf4 37. Qf3 f5 38. g3 Ne6 0-1

[Event "DRUGA LIGA CENTRALNE SRBIJE - Zapad"]
[Site "Vrnjacka banja"]
[Date "2013.??.??"]
[Round "4.4"]
[White "Dikic, Veljko**"]
[Black "Zivanovic, Bojan**"]
[Result "0-1"]
[WhiteElo "1947"]
[BlackElo "2075"]
[PlyCount "96"]
[EventDate "2013.10.10"]

1. e4 c5 2. Nc3 Nc6 3. g3 g6 4. Bg2 Bg7 5. d3 d6 6. Be3 e6 7. Qd2 Nd4 8. Nd1
Ne7 9. c3 Ndc6 10. Bh6 O-O 11. h4 f5 12. h5 Qe8 13. hxg6 Qxg6 14. Bxg7 Qxg7 15.
Ne2 e5 16. exf5 Bxf5 17. Ne3 Bg6 18. f4 Qf7 19. c4 Nb4 20. Be4 d5 21. Ng4 Qg7
22. Bxg6 Nxg6 23. Nh6+ Kh8 24. a3 exf4 25. axb4 f3 26. Nc3 Rae8+ 27. Kf1 dxc4
28. Ng4 cxd3 29. Qxd3 cxb4 30. Nd1 Rd8 31. Qe3 Rfe8 32. Qg5 Rf8 33. Rh2 Qd7 34.
Nf6 Qd3+ 35. Kg1 Qd4+ 36. Ne3 Qxf6 37. Qxf6+ Rxf6 38. Rxa7 Re8 39. Ng4 Rf7 40.
Ra5 Re2 41. Rf2 Re4 42. Nh6 Rf8 43. Nf5 Ne5 44. Nd6 Re1+ 45. Rf1 f2+ 46. Kg2
Ng4 47. Nf5 Rxf5 48. Rxf5 Rxf1 0-1